000 00664nam a2200253Ia 4500
003 OSt
005 20221007100913.0
006 a|||||r|||| 00| 0
007 ta
008 221006b |||||||| |||| 00| 0 eng d
024 _a5,407
037 _cTextual
040 _aLCO
_cLCO
_beng
041 _2eng
_aeng
082 _aX724qN61, K8
100 _aSharma Ramesh C.
245 0 _aAppeals, Revisions and References in Incom Tax
250 _a2nd
260 _aDelhi
_bPractical Tax Publishers India
_c1968
300 _a340
650 _aINCOME TAX
942 _hX724qN61, K8
_cTEXL
999 _c1174970
_d1174970